Guess the Year the Movie Came Out - Statistics

General Stats
  • This quiz has been taken 160 times
  • The average score is 10 of 16
Answer Stats
Movie Year % Correct
The Matrix 1999
88%
Interstellar 2014
78%
La La Land 2016
78%
Kung Fu Panda 2008
74%
The Shining 1980
72%
Zoolander 2001
69%
Die Hard 1988
67%
Matilda 1996
67%
Edward Scissorhands 1990
66%
The Little Mermaid 1989
63%
Fantastic Mr. Fox 2009
61%
The Wizard of Oz 1939
50%
Mary Poppins 1964
45%
It's a Wonderful Life 1946
38%
American Graffiti 1973
37%
West Side Story 1961
34%
No matching quizzes found
Score Distribution
Percent of People with Each Score
Percentile by Number Answered
Your Score History
You have not taken this quiz